000 01036nam a22003377a 4500
001 005423
003 DO-SdBPM
005 20250514114929.0
007 ta
008 151029b2002 sp || 00| 0 spa d
020 _a9580445230
040 _aDO-SdBPM
_bspa
_cBPMSU
_erda
_d
082 4 _a863.6
_bP116m 2002
_222
100 1 _aPacheco, Sindo
_eautor
_d
245 1 0 _aMaría Virginia, mi amor /
_cSindo Pacheco ; ilustraciones Daniela Violi
250 _a
264 _aMadrid :
_bGrupo Editorial Norma,
_c2002
300 _a142 páginas :
_bilustraciones ;
_g20 cm
336 _ardacontent
_btexto
_2txt
337 _ardamedia
_bsin mediación
_2n
338 _ardacarrier
_bvolumen
_0nc
_2rdacarrier
490 0 _aTorre de papel,
_v1
500 _aA partir de 11 años
585 _a
_3
590 _aInventariado, 2025/VM
650 7 _aCuentos infantiles españoles
650 7 _aLiteratura infantil española
700 1 _aVioli, Daniela
_eilustraciones
910 _aVMateo V. Control de calidad. BPMSU
942 _2ddc
_cBK
999 _c15053
_d15053